Statistiken für Generelles Genetik

Klicken Sie hier um das Quiz zu spielen!

Allgemein

  • Dieses Quiz wurde 79 mal gespielt
  • Das Durchschnittsergebnis liegt bei 3 aus 8

Antwortstatistiken

FrageAntworten% Korrekt
Was ist komplementär zum Adenin in der DNAThymin
88%
Was bedeutet DNS?Desoxyribonukleinsäure
69%
Was ist komplementär zu Adenin in der mRNAUracil
63%
Was bedeutet DNA?Desoxyribonucleinacid
29%
Was macht ein TATA bindendes Protein?Transkription
8%
Was sind Pyrimidinbasen?Thymin, Cytosin
5%
Woraus besteht ein Nukleotid ?Base, Desoxyribose, Phosphat
3%
Was passiert bei einer nonsense Mutation ?stop Codon entsteht
2%

Verteilung der Resultate

Perzentil nach korrekt beantworteten Fragen

Anzahl Personen mit jedem Resultat

Ihre Resultats-Entwicklung

Sie haben dieses Quiz noch nicht gespielt